000 00825nam a22002297a 4500
003 UA-OsUOA
001 45875
007 ta
008 20111213b un ||||| |||| 00| 0 ukr d
090 _a050
_bВ55
942 _cMG
040 _aUA-OsUOA
_bukr
_cUA-OsUOA
_dUA-OsUOA
245 _aВісті
955 _a4
041 _aukr
080 _a050
260 _bУкраїнський Технічний Інститут в Нью-Йорку
246 3 1 _aОрган адміністрації, професури, випускників, прихильників та студентів
310 _a1955: Ч 2
650 7 _a050 Серійні публікації. Періодика галузі, Організація та інші типи поєднання (співробітництва)
_2UDC
999 _c425978
_d425978